[Event "Montserrat op"]
[Site "Montserrat"]
[Date "2022.09.02"]
[Round "6"]
[White "Ramirez Aucejo, Hector"]
[Black "Gonzalvez Tamarit, Ruben"]
[Result "0-1"]
[WhiteElo "1728"]
[BlackElo "2110"]
[PlyCount "57"]
[EventDate "2022.08.29"]
[EventType "swiss"]
[EventRounds "9"]
[EventCountry "ESP"]
[SourceTitle "CBM 210 Extra"]
[Source "ChessBase"]
[SourceDate "2022.11.30"]
[SourceVersion "1"]
[SourceVersionDate "2022.11.30"]
[SourceQuality "1"]

1. e4 e5 2. Nf3 Nc6 3. d4 exd4 4. Nxd4 Bc5 5. Nb3 Bb6 6. Nc3 a5 7. a4 Nf6 8. Qe2 Nb4 9. Bg5 h6 10. Bh4 d6 11. 0-0-0 Qe7 12. f3 Be6 13. Nd4 0-0-0 14. Nxe6 Qxe6 15. Qc4 g5 16. Qxe6+ fxe6 17. Be1 c6 18. g3 d5 19. exd5 exd5 20. Bh3+ Kc7 21. Ne2 Rhe8 22. Nd4 Bxd4 23. Rxd4 c5 24. Rd2 Re3 25. Bf2 Rxf3 26. Bg2 Rf5 27. Bxc5 Nc6 28. Ba3 Ne4 29. Rxd5 0-1

[Event "Montserrat op 14th"]
[Site "Montserrat"]
[Date "2021.09.04"]
[Round "8"]
[White "Gonzalvez Tamarit, Ruben"]
[Black "Ramirez Aucejo, Hector"]
[Result "0-1"]
[WhiteElo "2072"]
[BlackElo "1713"]
[PlyCount "104"]
[EventDate "2021.08.27"]
[EventType "swiss"]
[EventRounds "9"]
[EventCountry "ESP"]
[SourceTitle "EXT 2022"]
[Source "ChessBase"]
[SourceDate "2021.10.06"]
[SourceVersion "1"]
[SourceVersionDate "2021.10.06"]
[SourceQuality "1"]

1. e4 c5 2. Nf3 d6 3. d4 cxd4 4. Nxd4 Nf6 5. Nc3 a6 6. f3 Qb6 7. Bc4 e6 8. Bb3 Be7 9. Be3 Qc7 10. Qd2 Nc6 11. Nxc6 bxc6 12. 0-0-0 Nd7 13. Bd4 0-0 14. a3 Rb8 15. Ne2 c5 16. Bc3 Nb6 17. Nf4 c4 18. Ba2 Na4 19. Nh5 e5 20. Ba5 Qb7 21. b4 cxb3 22. Bxb3 Be6 23. Bb4 Nc5 24. Bd5 Qb5 25. c4 Qb6 26. Qc3 a5 27. Bxc5 Qxc5 28. Kc2 Rb6 29. Ng3 Rfb8 30. Nf5 Qf2+ 31. Kd3 Bxf5 32. Rd2 Qc5 33. Ke2 Be6 34. Rhd1 Rb3 35. Qc2 Qe3+ 36. Kf1 Bxd5 37. cxd5 Rc3 38. Qa4 Rxa3 39. Qd7 Bf8 40. Rc2 Rc3 41. Re2 Qc5 42. f4 Rc1 43. Rde1 Rxe1+ 44. Rxe1 Rb2 45. Re2 Qc4 46. Qg4 Qxe2+ 47. Qxe2 Rxe2 48. Kxe2 exf4 49. Kd3 g5 50. Kc4 Bg7 51. Kb5 Bc3 52. Kc4 Bb4 0-1

[Event "Montserrat op 14th"]
[Site "Montserrat"]
[Date "2021.08.28"]
[Round "2"]
[White "Ortega Gadea, Santiago"]
[Black "Ramirez Aucejo, Hector"]
[Result "1-0"]
[WhiteElo "2004"]
[BlackElo "1713"]
[PlyCount "35"]
[EventDate "2021.08.27"]
[EventType "swiss"]
[EventRounds "9"]
[EventCountry "ESP"]
[SourceTitle "EXT 2022"]
[Source "ChessBase"]
[SourceDate "2021.10.06"]
[SourceVersion "1"]
[SourceVersionDate "2021.10.06"]
[SourceQuality "1"]

1. e4 c5 2. Nf3 d6 3. Nc3 a6 4. d4 cxd4 5. Nxd4 Nf6 6. Be3 Ng4 7. Bg5 h6 8. Bh4 g5 9. Bg3 Bg7 10. Be2 h5 11. h3 h4 12. Bxg4 hxg3 13. f3 e6 14. Qd2 Nc6 15. Nce2 Qb6 16. c3 Be5 17. 0-0-0 Bd7 18. Qxg5 1-0

[Event "Xativa Murta op 5th"]
[Site "Xativa"]
[Date "2019.07.21"]
[Round "9"]
[White "Ramirez Aucejo, Hector"]
[Black "Moreno Gonzalez, Pablo"]
[Result "0-1"]
[WhiteElo "1686"]
[BlackElo "1688"]
[PlyCount "40"]
[EventDate "2019.07.15"]
[EventType "swiss"]
[EventRounds "9"]
[EventCountry "ESP"]
[SourceTitle "EXT 2020"]
[Source "ChessBase"]
[SourceDate "2019.10.17"]
[SourceVersion "1"]
[SourceVersionDate "2019.10.17"]
[SourceQuality "1"]

1. e4 e6 2. d4 d5 3. Bd3 c5 4. exd5 exd5 5. Nf3 c4 6. Be2 Nf6 7. 0-0 Bd6 8. b3 b5 9. Nc3 Bd7 10. Bg5 Qa5 11. Bxf6 Qxc3 12. Bxg7 Rg8 13. Be5 Bxe5 14. Nxe5 Nc6 15. Nxd7 Kxd7 16. Bg4+ Kd6 17. Re1 Rae8 18. Bh5 Rxe1+ 19. Qxe1 Qh3 20. Bf3 Qxf3 0-1

[Event "Provincial-ch Valencia Primera"]
[Site "Valencia"]
[Date "2013.10.26"]
[Round "3"]
[White "Gil Pou, Jose Luis"]
[Black "Ramirez Aucejo, Hector"]
[Result "1/2-1/2"]
[WhiteElo "1803"]
[BlackElo "1550"]
[PlyCount "109"]
[EventDate "2013.10.05"]
[EventType "swiss"]
[EventRounds "7"]
[EventCountry "ESP"]
[SourceTitle "EXT 2024"]
[Source "ChessBase"]
[SourceDate "2023.10.10"]
[SourceVersion "1"]
[SourceVersionDate "2023.10.10"]
[SourceQuality "1"]

1. c4 Nf6 2. Nc3 g6 3. e4 d6 4. d4 Bg7 5. Bd3 0-0 6. Nge2 c5 7. d5 e5 8. f3 Nh5 9. Be3 Qh4+ 10. Bf2 Qg5 11. 0-0 f5 12. Nb5 Qe7 13. exf5 gxf5 14. Ng3 Nxg3 15. hxg3 a6 16. Nc3 Qg5 17. Qe2 f4 18. g4 h5 19. Ne4 Qh6 20. g5 Qh8 21. Bh4 Rd8 22. Nf6+ Bxf6 23. gxf6 Kf7 24. Qe4 Rg8 25. Qh7+ Qxh7 26. Bxh7 Rh8 27. Bd3 Nd7 28. a3 Nxf6 29. b4 cxb4 30. axb4 b6 31. Rfb1 Nd7 32. Bf2 Bb7 33. Bf5 Rhd8 34. Bh4 Nf6 35. Be6+ Ke7 36. c5 b5 37. Rc1 dxc5 38. Rxc5 Rab8 39. Rc7+ Kd6 40. Bxf6 Kxc7 41. Bxe5+ Kb6 42. Bxb8 Rxb8 43. Kh2 Rd8 44. Rd1 Bc8 45. Rc1 Bxe6 46. dxe6 Re8 47. Re1 Kc6 48. Re5 Kd6 49. Rxh5 Rxe6 50. Rf5 Rh6+ 51. Kg1 Rh4 52. Rf6+ Kd5 53. Rxa6 Kc4 54. Rc6+ Kxb4 55. Kf2 1/2-1/2